banner koha

Flora do Ceará, Brasil: Lentibulariaceae (Registro n. 337593)

MARC details
000 -LÍDER
fixed length control field 03110nab a2200265 i 4500
003 - CÓDIGO MARC DA AGÊNCIA CATALOGADORA
Campo de controle BR-BrBNA
005 - DATA E HORA DA ÚLTIMA ATUALIZAÇÃO
Campo de controle 20250813073616.0
008 - CAMPO DE TAMANHO FIXO
fixed length control field 250813b2020 bl.ar|pooa||| 00| 0 por |
040 ## - FONTE DA CATALOGAÇÃO
Agência catalogadora BR-BrBNA
Idioma da catalogação por
072 ## - CATEGORIA AGRIS
Código AGRIS F70
100 ## - ENTRADA PRINCIPAL - NOME PESSOAL
Nome pessoal Guedes, Felipe Martins
100 ## - ENTRADA PRINCIPAL - NOME PESSOAL
Nome pessoal Matias, Lígia Queiroz
245 ## - TÍTULO PRINCIPAL
Título principal Flora do Ceará, Brasil: Lentibulariaceae
500 ## - NOTA GERAL
Nota geral Publicação on-line; Bibliography p. 22-25 (61 ref.); 7 illus.; Summaries (En, Pt)
942 ## - ADDED ENTRY ELEMENTS (KOHA)
Koha item type Analítica
520 ## - NOTA DE RESUMO
Nota de conteúdo <br/><br/>Resumo<br/><br/>Este estudo compreende as espécies da família Lentibulariaceae ocorrentes no estado do Ceará, caracterizadas<br/>por apresentarem estruturas vegetativas altamente modificadas para captura de presas como forma de nutrição<br/>suplementar. Neste trabalho são apresentadas descrições morfológicas, chave de identificação, comentários<br/>taxonômicos, ilustrações, fotografias e dados de distribuição geográfica das espécies. Lentibulariaceae encontra-se<br/>representada, na área de estudo, pelos gêneros Genlisea e Utricularia, abrangendo 17 espécies: G. filiformis, U.<br/>adpressa, U. cornuta, U. cutleri, U. erectiflora, U. flaccida, U. foliosa, U.gibba, U. hydrocarpa, U. jamesoniana,<br/>U. juncea, U. pubescens, U. pusilla, U. resupinata, U. simulans, U. subulata e U. trichophylla. Oito espécies<br/>foram registradas em cinco Unidades de Conservação: APA do Lagamar do Cauípe, APA de Jericoacoara, APA<br/>do Lagamar do Cauípe, APA da Serra de Ibiapaba, PARNA de Ubajara e TI Jenipapo-Kanindé.<br/><br/>Palavras-chave: florística, Genlisea, Nordeste brasileiro, plantas carnívoras, Utricularia.<br/><br/><br/><br/><br/>Abstract<br/><br/>The present study comprises the species of the family Lentibulariaceae occurring in the Ceará state,<br/>characterized by highly modified vegetative structures in order to trap prey as a form of supplementary<br/>nutrition. This work presents morphological descriptions, identification key, taxonomic comments, illustrations,<br/>photographs and geographic distribution data of the species. Lentibulariaceae is represented, in the study<br/>area, by the genera Genlisea and Utricularia, comprising 17 species: G. filiformis, U. adpressa, U. cornuta,<br/>U. cutleri, U. erectiflora, U. flaccida, U. foliosa, U.gibba, U. hydrocarpa, U. jamesoniana, U. juncea, U.<br/>pubescens, U. pusilla, U. resupinata, U. simulans, U. subulata and U. trichophylla. Eight species were recorded<br/>in five Conservation Units: APA do Lagamar do Cauípe, APA de Jericoacoara, APA do Lagamar do Cauípe,<br/>APA da Serra de Ibiapaba, PARNA de Ubajara and TI Jenipapo-Kanindé.<br/><br/>Key words: floristic, Genlisea, Brazilian northeast, carnivorous plants, Utricularia
650 ## - ASSUNTO - THESAGRO
Cabeçalho tópico ou nome geográfico COMPOSIÇÃO BOTÂNICA
650 ## - ASSUNTO - THESAGRO
Cabeçalho tópico ou nome geográfico NORDESTE
650 ## - ASSUNTO - THESAGRO
Cabeçalho tópico ou nome geográfico BRASIL
650 ## - ASSUNTO - THESAGRO
Cabeçalho tópico ou nome geográfico PLANTA CARNÍVORA
650 ## - ASSUNTO - THESAGRO
Cabeçalho tópico ou nome geográfico LENTIBULARIACEAE
773 0# - ENTRADA ANALÍTICA
Host Biblionumber 709
Registro do item 353216
Imprenta Rio de Janeiro-RJ Jardim Botanico do Rio de Janeiro 1935
Outro identificador 2025-4473
Título Rodriguésia (Brazil)
ISSN 0370-6583; 2175-7860 on-line
Colação v. 71 p. 1-25; (2020)
Número de controle de registro BR2025003325
856 ## - ACESSO E ENDEREÇO ELETRÔNICO
Identificador uniforme de recurso - URI https://www.scielo.br/j/rod/a/WNxkg85SWHTQcNTyBm54FBR/?format=pdf&lang=pt

Nenhum exemplar disponível.

BINAGRI

Telefone: (61)3218-2567/2388/3357/2097 - binagri@agro.gov.br

Ministério da Agricultura e Pecuária , Esplanada dos Ministérios, Bloco D, Anexo B, Brasília/DF, CEP: 70.043-900